Immigrant blues /
Saved in:
| Main Author: | |
|---|---|
| Other Authors: | |
| Format: | Book |
| Language: | English |
| Published: |
London, Ont. :
Brick Books,
c2003.
|
| Subjects: | |
| Tags: |
Add Tag
No Tags, Be the first to tag this record!
|
| LEADER | 00920cam a22003254a 4500 | ||
|---|---|---|---|
| 001 | 009096897-2 | ||
| 005 | 20051018093154.0 | ||
| 008 | 030808s2003 onc 000 0 eng | ||
| 010 | |a 2003374453 | ||
| 016 | |a 20039004058 | ||
| 020 | |a 1894078284 | ||
| 035 | 0 | |a ocm51496410 | |
| 040 | |a DLC |c DLC |d NLC |d GZM | ||
| 041 | 1 | |a eng |h srp | |
| 042 | |a pcc | ||
| 050 | 0 | 0 | |a PG1419.29.I36 |b A27 2003 |
| 055 | 0 | 2 | |a PS8587* |
| 082 | 0 | |a C811/.6 |2 21 | |
| 100 | 1 | |a Simić, Goran, |d 1952- | |
| 240 | 1 | 0 | |a Poems. |k Selections. |l English |
| 245 | 1 | 0 | |a Immigrant blues / |c Goran Simić ; English translations by Amela Simić. |
| 246 | 3 | |a Immigrantblues | |
| 260 | |a London, Ont. : |b Brick Books, |c c2003. | ||
| 300 | |a 87 p. ; |c 22 cm. | ||
| 500 | |a Translated from Serbian. | ||
| 600 | 1 | 0 | |a Simić, Goran, 1952- |v Translations into English. |
| 655 | 7 | |a Translations. |2 fast | |
| 700 | 1 | |a Simic, Amela. | |
| 988 | |a 20030501 | ||
| 906 | |0 DLC | ||


